[Event "SVK-chT3B2 2122"]
[Site "Slovakia"]
[Date "2022.02.27"]
[Round "5.4"]
[White "Sunal, Jan"]
[Black "Vronka, Jan"]
[Result "1-0"]
[WhiteElo "1731"]
[BlackElo "1715"]
[PlyCount "104"]
[EventDate "2021.10.24"]
[EventType "team-tourn"]
[EventRounds "11"]
[EventCountry "SVK"]
[SourceTitle "EXT 2023"]
[Source "ChessBase"]
[SourceDate "2022.10.05"]
[SourceVersion "1"]
[SourceVersionDate "2022.10.05"]
[SourceQuality "1"]
[WhiteTeam "Bojnice"]
[BlackTeam "Dubnica nad Vahom IV"]
[WhiteTeamCountry "SVK"]
[BlackTeamCountry "SVK"]

1. e4 c5 2. Nf3 Nc6 3. d4 cxd4 4. Nxd4 g6 5. c3 Bg7 6. Be3 Nf6 7. Bd3 0-0 8. 0-0 d5 9. exd5 Qxd5 10. f3 Rd8 11. Bc2 Na5 12. Na3 Nc4 13. Nxc4 Qxc4 14. Bb3 Qa6 15. Qe2 Nd5 16. Bf2 e6 17. Bh4 Rd6 18. Bg3 Rd8 19. Be5 Bxe5 20. Qxe5 Qd6 21. Qg5 Bd7 22. Rfe1 Qf4 23. Qe5 Qxe5 24. Rxe5 Ne7 25. Re3 Bc6 26. Rd1 Bd5 27. c4 Bc6 28. Red3 Kf8 29. Nxe6+ fxe6 30. Rxd8+ Rxd8 31. Rxd8+ Kf7 32. c5 Nd5 33. Kf2 Ke7 34. Rh8 h5 35. h3 Nf4 36. Bc4 b5 37. cxb6 axb6 38. Rb8 Bd5 39. b3 Bxc4 40. bxc4 Kd6 41. Rxb6+ Kc5 42. Rb5+ Kxc4 43. Rg5 Kb4 44. Ke3 Nd5+ 45. Rxd5 exd5 46. Kd4 Ka3 47. Kxd5 Kxa2 48. Ke5 Kb3 49. Kf6 Kc4 50. Kxg6 Kd5 51. Kxh5 Ke6 52. Kg6 Ke7 1-0

[Event "SVK-chT3B2 2122"]
[Site "Slovakia"]
[Date "2021.11.21"]
[Round "3.3"]
[White "Vronka, Jan"]
[Black "Struhar, Jan"]
[Result "0-1"]
[WhiteElo "1715"]
[BlackElo "1874"]
[PlyCount "66"]
[EventDate "2021.10.24"]
[EventType "team-tourn"]
[EventRounds "11"]
[EventCountry "SVK"]
[SourceTitle "EXT 2023"]
[Source "ChessBase"]
[SourceDate "2022.10.05"]
[SourceVersion "1"]
[SourceVersionDate "2022.10.05"]
[SourceQuality "1"]
[WhiteTeam "Dubnica nad Vahom IV"]
[BlackTeam "Nemsova Horne Srnie"]
[WhiteTeamCountry "SVK"]
[BlackTeamCountry "SVK"]

1. c4 Nf6 2. Nc3 g6 3. g3 Bg7 4. Bg2 d6 5. d4 Nbd7 6. e3 0-0 7. Nge2 Re8 8. 0-0 c6 9. b4 Nb6 10. Qd3 e5 11. c5 dxc5 12. bxc5 exd4 13. Nxd4 Nbd5 14. Bb2 Nxc3 15. Qxc3 Ne4 16. Qb4 Qe7 17. Rac1 Bd7 18. Ba3 Rab8 19. f3 Nxg3 20. hxg3 Qxe3+ 21. Kh2 Bxd4 22. f4 Bg7 23. Rce1 Qd3 24. Rd1 Qf5 25. Rd2 Re3 26. Rf3 Rxf3 27. Bxf3 Qh3+ 28. Kg1 Qxg3+ 29. Bg2 Bc3 30. Rxd7 Qe1+ 31. Kh2 Bxb4 32. Bb2 Qh4+ 33. Kg1 Bxc5+ 0-1